22 Métropoles françaises - Statistiques

Statistiques générales
  • Ce quiz a été pris 709 fois
  • Le résultat moyen est 18 sur 22
Statistiques - réponses
Réponse % Correct
Paris
99%
Aix-Marseille-Provence
98%
Bordeaux
96%
Lille
95%
Lyon
94%
Toulouse
94%
Nice
93%
Strasbourg
92%
Nantes
90%
Rennes
89%
Montpellier
81%
Brest
80%
Dijon
78%
Grenoble
77%
Metz
76%
Nancy
75%
Rouen
75%
Saint-Etienne
75%
Toulon
75%
Orléans
74%
Clermont-Ferrand
73%
Tours
69%
Aucun quiz correspondant
Distribution des résultats
% des personnes avec chaque résultat
Percentile par nombre de réponses
Votre historique - résultats
Vous n’avez pas pris ce quiz